000 01157nam a2200361 a 4500
003 BLK
005 20241029085237.0
008 180411b bul|||||r ||||||| ||bul||
010 _aKNG00184818000
020 _a978-954-398-396-4
040 _aBLK
041 _aBUL
_cBUL
072 7 _2bullib
_aН8400
_xБългарска поезия Н
072 7 _2bullib
_aЯ
_xАвтографи
080 _aБългарска литература
_b821.163.2
_x-1(081.2)
_z821.163.2-1(081.2)
100 1 _aТодоров, Вили
_9321326
245 1 0 _aПонякога
_bИзбрана поезия
_cВили Тодоров.
257 _aBGR
260 _bТруд
_c2015
_fСофия : Бет принт
_aСофия
300 _a64 с.
_c20 см
380 _aX
653 _aстихотворения
659 _aН
659 _aЯ
852 _aЦб 278118
856 4 _qpdf
856 4 _qpdf
942 _cKNG
_n0
944 _aCR
_c12.11.2015
_k30542
_lРусанова Ирена
944 _aED
_c17.06.2016
_kВиолета_Тройчева
999 _c176213
_d176213
999 _d176213